00774nam a2200229 a 450000100100000000500170001000800410002702000150006804000250008308200180010810000310012624500790015726000340023630000140027049000250028465000300030965000310033983000320037004900090040295201160041199900170052700002286920200930021839.0101119s1988 sp r 000 j spa d a847683098x aDO-SdBNPbspacBNPHU a863.64bC392c1 aCela Trulock, Jorge94699810aCuando sonries :bcuentos /cJorgeCela Trulock ; editor Antonio J. Murcia. aMadrid :bLibertarias,c1988. a156 p. ;.1 aCuando sonries ;v32 4aCuentos españoles93194 4aLiteratura española9632 0aCuando sonries ;v32946999 aBNGR 001050718MOaGRbGRcCTd2010-11-19iLF1l0o863.64 C392cp22869-10r2020-06-25w2020-06-25y1ZNo se presta c22366d22366